STCP: Autocarros do Porto - Statistics

Estatísticas Gerais
  • Esse quiz foi jogado 66 vezes
  • A pontuação média é 34 de 74
Estatísticas das Respostas
Linha Partida Chegada Extra % Correto
803 Boavista (Bom Sucesso) Rio Tinto (Escola Secundária)
61%
207 Campanhã Mercado da Foz
59%
4M Aliados Maia (Câmara) Noturno
57%
704 Boavista (Bom Sucesso) Codiceira
57%
204 Hospital de São João Foz
55%
208 Aliados Aldoar
55%
3M Aliados Aeroporto Noturno
55%
501 Aliados Matosinhos (Praia)
55%
504 Boavista (Casa da Música) NorteShopping
53%
600 Aliados Maia (Barca)
53%
804 Hospital de São João São Pedro da Cova
53%
1M Aliados Matosinhos (Praia) Noturno
51%
201 Aliados Viso
51%
502 Bolhão Matosinhos (Mercado)
51%
5M Aliados Ermesinde (Estação) Noturno
51%
701 Bolhão Codiceira
51%
907 Boavista (Bom Sucesso) Vila d'Este
51%
9M Aliados Gondomar Via TIC / Noturno
51%
200 Bolhão Castelo do Queijo
49%
205 Campanhã Castelo do Queijo
49%
507 Cordoaria MAR Shopping
49%
508 Boavista (Bom Sucesso) Cabo do Mundo Via MAR Shopping
49%
601 Cordoaria Aeroporto Via MAR Shopping
49%
604 Hospital de São João Aeroporto Via Crestins
49%
700 Bolhão Campo
49%
705 Hospital de São João Valongo (Continente)
49%
800 Bolhão Gondomar
49%
202 Aliados Passeio Alegre Via Avenida do Bessa
47%
203 Marquês Castelo do Queijo
47%
503 Boavista (Bom Sucesso) Gatões
47%
7M Aliados Valongo Noturno
47%
801 Cordoaria São Pedro da Cova
47%
8M Aliados São Pedro da Cova Noturno
47%
902 Boavista (Casa da Música) Lavadores
47%
903 Boavista (Casa da Música) Laborim
47%
10M Aliados Vila d'Este Noturno
45%
300 Hospital de São João Hospital de São João Circular Via Aliados
45%
301 Hospital de São João Hospital de São João Circular Via Praça da Liberdade
45%
400 Aliados Parque Nascente
45%
506 Hospital de São João Matosinhos (Mercado) Via Senhora da Hora
45%
602 Cordoaria Aeroporto Via Padrão Moreira
45%
603 Marquês Maia
45%
702 Bolhão Travagem
45%
706 Hospital de São João Ermesinde (Estação) Via Monte Penedo
45%
206 Campanhã Viso
43%
2M Aliados Hospital de São João Via Avenida da Boavista / Noturno
43%
302 Campo 24 de Agosto Campo 24 de Agosto Circular Via Aliados
43%
305 Cordoaria Hospital de São João
43%
703 Cordoaria Sonhos
43%
707 Hospital de São João Ermesinde (Estação) Via Arregadas
43%
12M Aliados Santo Ovídio Noturno
41%
13M Aliados Matosinhos (Mercado) Noturno
41%
303 Campo 24 de Agosto Campo 24 de Agosto Circular Via Praça da Liberdade
41%
304 Aliados Santa Luzia
41%
402 Boavista (Bom Sucesso) São Roque
41%
404 Campanhã (TIC) Hospital de São João
41%
505 Hospital de São João Matosinhos (Mercado) Via Leça do Balio
41%
901 Trindade Valadares
41%
209 Pasteleira Prelada
39%
403 Boavista (Casa da Música) Campanhã
39%
500 Praça da Liberdade Matosinhos (Mercado)
39%
806 Marquês Fânzeres (Metro)
39%
904 Bolhão Coimbrões
39%
905 Trindade Madalena (Centro de Saúde)
39%
401 Bolhão São Roque
37%
906 Trindade Madalena (Escola)
37%
ZC Estádio do Dragão Areias
37%
22 Carmo Batalha Elétrico
35%
805 Marquês Rio Tinto (Estação)
35%
900 Cordoaria Santo Ovídio
35%
1 Infante Passeio Alegre Elétrico
31%
18 Carmo Massarelos Elétrico
31%
11M Hospital de São João Coimbrões Noturno
29%
ZF Valadares (Estação) Francelos
27%
Nenhum quiz correspondente encontrado
Distribuição das Pontuações
Porcentagem de Pessoas com Cada Pontuação
Percentil de Números Respondidos
Sua Pontuação Histórica
Você não jogou esse quiz